[Event "AUTO-OPEN-4643"]
[Site "http://www.queenalice.com/game.php?id=1870492"]
[Date "2026.3.13"]
[Round "1"]
[White "Ditto"]
[Black "bdpq"]
[Result "1-0"]
[WhiteElo "1362"]
[BlackElo "1658"]

1. e4 d5 2. exd5 Qxd5 3. d4 e5 4. Nc3 Qc6 5. dxe5 Bb4 6. Ne2 Bg4 7. Bf4 Ne7 8.
f3 Bf5 9. Nd4 Qe6 10. Nxe6 Bxc3+ 11. bxc3 Bxe6 12. Bb5+ c6 13. Bd3 O-O 14. O-O
g6 15. Qd2 Nd5 16. Bh6 Re8 17. Be4 Nd7 18. Rab1 Nxe5 19. Bxd5 Bxd5 20. Qg5 Re6
21. Rxb7 c5 22. Qd2 Bc4 23. Re1 Bxa2 24. f4 Ng4 25. Bg5 Rxe1+ 26. Qxe1 a5 27.
Qe7 Rf8 28. h3 Bd5 29. hxg4 Bxb7 30. Qxb7 Re8 31. Bh6 a4 32. Qb2 c4 33. Qb5 Rd8
34. Qe5 Rd1+ 35. Kh2 f6 36. Qxf6 Rd7 37. Qf8# 1-0

[Event "AUTO-OPEN-4643"]
[Site "http://www.queenalice.com/game.php?id=1870493"]
[Date "2026.3.13"]
[Round "1"]
[White "bdpq"]
[Black "Ditto"]
[Result "1-0"]
[WhiteElo "1658"]
[BlackElo "1379"]

1. d4 d5 2. e3 Bf5 3. Bd3 Bg4 4. Be2 Bf5 5. Nf3 e6 6. Ne5 Qg5 7. Bf3 Bd6 8. h4
Qe7 9. g3 Nd7 10. Nxd7 Qxd7 11. Bd2 Ne7 12. Nc3 h6 13. e4 dxe4 14. Nxe4 Qc6 15.
Nxd6+ Qxd6 16. Be3 Rb8 17. Bf4 Qd8 18. c3 Ng6 19. Bd2 Bd3 20. Be2 Be4 21. f3 Bd5
22. Be3 a6 23. Bd3 Qf6 24. Rf1 Qe7 25. Bxg6 fxg6 26. Qc2 O-O 27. f4 Qd7 28. c4
Bc6 29. Qxg6 Rf6 30. Qh5 Bg2 31. Rg1 Be4 32. g4 Qa4 33. Qe5 Bd3 34. f5 Qb4+ 35.
Kf2 Qxb2+ 36. Kg3 exf5 37. Qxc7 Rff8 38. c5 Qe2 39. gxf5 Qxe3+ 40. Kh2 Bxf5 41.
Qxg7# 1-0

[Event "AUTO-INT-3963"]
[Site "http://www.queenalice.com/game.php?id=1870708"]
[Date "2026.3.19"]
[Round "1"]
[White "bdpq"]
[Black "Ditto"]
[Result "0-1"]
[WhiteElo "1650"]
[BlackElo "1378"]

1. e4 e5 2. d4 exd4 3. Qxd4 Nc6 4. Qd1 Bc5 5. Nc3 d6 6. Bb5 Bd7 7. Nf3 a6 8. Bd3
h6 9. O-O Bg4 10. h3 h5 11. hxg4 hxg4 12. Ng5 g3 13. Be3 Bxe3 14. Qg4 Bxg5 15.
Qxg3 Ne5 16. Be2 Qf6 17. Nd5 Qd8 18. c4 c6 19. Nc3 Qf6 20. Rad1 Qh6 21. Qh3 Qxh3
22. gxh3 Rxh3 23. Kg2 Rh6 24. Rh1 O-O-O 25. Rxh6 Nxh6 26. Na4 Bf6 27. c5 d5 28.
exd5 Rxd5 29. Nb6+ Kc7 30. Nxd5+ cxd5 31. Rxd5 Kc6 32. Rd2 Bg5 33. b4 Bxd2 34.
a4 Bxb4 35. f4 Nd7 36. Bf3+ Kxc5 37. Bxb7 a5 38. Kg3 Nf5+ 39. Kg4 g6 40. Be4
Nf6+ 41. Kf3 Nxe4 42. Kxe4 Bc3 43. Kd3 Bf6 44. Ke4 Kb4 0-1

[Event "AUTO-OPEN-4646"]
[Site "http://www.queenalice.com/game.php?id=1871401"]
[Date "2026.4.4"]
[Round "1"]
[White "xadreco5"]
[Black "Ditto"]
[Result "1-0"]
[WhiteElo "2438"]
[BlackElo "1421"]

1. e4 e5 2. Nf3 Nc6 3. d4 exd4 4. Bc4 Bc5 5. c3 dxc3 6. Nxc3 h6 7. Qd5 Qf6 8.
Qxc5 d6 9. Qe3 Nge7 10. O-O a6 11. Nd5 Nxd5 12. exd5+ Ne7 13. Re1 O-O 14. Qxe7
Qg6 15. Qxc7 a5 16. Bf4 Bg4 17. Nd2 Bh3 18. Bf1 Rab8 19. Qxa5 Rbc8 20. Qb5 Rb8
21. Nf3 Bf5 22. Nd4 Bh3 23. Bd2 Bg4 24. Re3 Qc2 25. Nxc2 Bf5 26. Nd4 Bg6 27.
Rae1 Rfd8 28. Re8+ Rxe8 29. Rxe8+ 1-0

[Event "AUTO-OPEN-4646"]
[Site "http://www.queenalice.com/game.php?id=1871402"]
[Date "2026.4.4"]
[Round "1"]
[White "Ditto"]
[Black "maurice916"]
[Result "1-0"]
[WhiteElo "1354"]
[BlackElo "1880"]

1. d4 d6 2. Nf3 Nf6 3. Bg5 g6 4. Qd2 Bg7 5. h3 b6 6. e3 Bb7 7. Bc4 O-O 8. c3
Nbd7 9. O-O Re8 10. Qe2 e5 11. dxe5 dxe5 12. Bb5 c6 13. Ba4 Nc5 14. Bc2 Qc7 15.
Nbd2 h6 16. Bh4 g5 17. Bg3 Nfd7 18. Nc4 f6 19. Bb1 Qd8 20. Qc2 Qe7 21. Qh7+ Kf7
22. Bg6+ Kf8 23. Rad1 Red8 24. Nd6 Ba6 25. Nf5 Qe6 26. Nd6 b5 27. Bf5 Qxa2 28.
Qg6 e4 29. Nd4 Ne5 30. Bxe5 Rxd6 31. Bxd6+ Kg8 32. Qh7+ Kf7 33. Bg6# 1-0